Stano Filko, Oklif Onats. Tranzscendenteaoq 5.D (4.3)

Bibliographic Details
Main Author: Vrbanová, Nina (Author)
Other Authors: Petáková, Martina (Translator), Plaváková, Lucia, 1984- (Photographer), Šimkovičová, Martina, 1988- (Photographer), Trčka, David, 1977- (Photographer)
Format: Book
Language:Slovak
English
PhysicalDescription:55 s. fotogr. 30 cm
Published: Bratislava Galéria Cypriána Majerníka 2013
ISBN:9788089648009
Edition:[1. vyd.]
Subjects:

MARC

LEADER 00000nam a22000005a 4500
001 vtls010508947
003 SK-MaSNL
005 20260426002713.0
008 240315s2013 xo o c 000 0 slo
015 |a SNBE2013 
020 |a 9788089648009  |q (brož.) 
040 |a SNK  |b slo  |c SNK  |e AACR2 
041 0 |a slo  |a eng 
043 |a e-xo--- 
044 |a xo  |c SK 
072 7 |a 72/76  |x Výtvarné umenie  |2 konspekt 
080 |a 72/76(437.6)  |2 2001 
080 |a 7.036/.038  |2 2001 
080 |a (437.6)  |2 2001 
080 |a (083.824)  |2 2001 
100 1 |a Vrbanová, Nina  |4 aut  |9 265728 
245 1 0 |a Stano Filko, Oklif Onats. Tranzscendenteaoq 5.D (4.3)  |c koncepcia katalógu, text: Nina Vrbanová ; preklad: Martina Petáková ; fotografie: Lucia Plaváková, Martina Šimkovičová, David Trčka ; grafická úprava: Stano Masár 
246 3 0 |a Tranzscendenteaoq 5.D (4.3) 
250 |a [1. vyd.] 
260 |a Bratislava  |b Galéria Cypriána Majerníka  |c 2013 
300 |a 55 s.  |b fotogr.  |c 30 cm 
366 |e 300 výt. 
600 1 7 |a Filko, Stanislav,  |d 1937-2015  |2 SNKMA  |9 161621 
648 7 |a 20.-21. stor.  |2 SNKPH  |9 270701 
648 7 |a 20th-21st centuries  |2 SNKPHeng  |9 285312 
650 0 7 |a slovenské výtvarné umenie  |2 SNKPH  |9 68597 
650 0 7 |a moderné umenie  |2 SNKPH  |9 68456 
650 0 7 |a Slovak art  |2 SNKPHeng  |9 275442 
650 0 7 |a Modern art  |2 SNKPHeng  |9 294689 
651 7 |a Slovensko  |2 SNKPH  |9 14231 
651 7 |a Slovakia  |2 SNKPHeng  |9 92630 
655 7 |a katalógy výstav  |2 SNKPH  |9 70445 
655 7 |a Exhibition catalogs  |2 SNKPHeng  |9 266232 
700 1 |a Petáková, Martina  |4 trl  |9 335513 
700 1 |a Filko, Stanislav,  |d 1937-2015  |4 art  |9 161621 
700 1 |a Plaváková, Lucia,  |d 1984-  |4 pht  |9 603218 
700 1 |a Šimkovičová, Martina,  |d 1988-  |4 pht  |9 225980 
700 1 |a Trčka, David,  |d 1977-  |4 pht  |9 131652 
700 1 |a Masár, Stano  |4 bkd  |9 313801 
710 2 |a Galéria Cypriána Majerníka (Bratislava, Slovensko)  |4 pbl  |9 32563 
919 |a 978-80-89648-00-9 
999 |c 925261  |d 927191 
952 |a SNK  |b SNK  |y PREZ  |7 0  |p 17A1068205  |o snkOSB 17145  |i snk2013/10465  |8 0  |0 0  |1 0  |4 0  |d 2013-05-09  |l 0  |r 2026-02-24 08:30:00  |w 2026-02-24 
952 |a SNK  |b SNK  |y VYP  |7 0  |p 17A1068204  |o snkOSB 17145 D1  |i snk2013/10466  |8 0  |0 0  |1 0  |4 0  |d 2013-05-09  |l 0  |r 2026-02-24 08:30:00  |w 2026-02-24